000 00699nam a2200241 i 4500
001 C2-0303303
003 PPAK
005 20180728084210.0
008 100322s2009 my a|||| ||||| | may d
020 _a9789836243461
040 _aPPAK
_beng
_cPPAK
_erda
082 0 4 _a398.29923
_223
090 0 0 _a398.29923
_bYUL
_dK
100 0 _aYulis Haji Alwi,
_eauthor
245 1 0 _aTukang kasut dengan orang kerdil
264 1 _aKuala Lumpur :
_bDewan Bahasa dan Pustaka ,
_c2009
300 _avi, 64 pages :
_bcolour illustrations ;
_c25 cm
336 _2rdacontent
_atext
337 _2rdamedia
_aunmediated
338 _2rdacarrier
_avolume
650 1 0 _aFolk literature, Malay.
942 _ddc
_cB
999 _c106599
_d106599